A Practitioner's Guide to Commercial Arbitration

Detalles Bibliográficos
Autor principal: Huberman, Marvin J.
Formato: eBook
Lenguaje:inglés
Publicado: Toronto: Irwin Law Inc., 2017
Materias:
Acceso en línea:Acceso restringido

MARC

LEADER 00000nam a22000007a 4500
005 20210813113737.0
007 cr|||| ||||
008 210813s2017 ca |||||s|||| 00||0 eng d
020 |a 978-1-55221-463-3 
035 |a 34991 
040 |a vLex 
090 |c 12011  |d 12011 
100 1 |a Huberman, Marvin J. 
245 1 1 |a A Practitioner's Guide to Commercial Arbitration  |h [Recurso electrn̤ico] /  |c Marvin J. Huberman 
256 |a Servicio en ln̕ea 
260 |a Toronto:  |b Irwin Law Inc.,  |c 2017 
300 |a 1 recurso electrn̤ico 
506 1 |a Disponible solo en los productos indicados  |d vLex Global  |d vLex Global (Academic Edition, excluding Law Schools)  |d vLex Global (U.S. Academic Edition, Law Schools)  |d vLex Global (U.S. Academic Edition, excluding Law Schools)  |d vLex Global (Academic Edition, Law Schools) 
650 0 4 |a Derecho Comunitario  |z Canad̀ 
740 0 |a vLex Libros (Servicio en ln̕ea) 
856 4 0 |u https://app.vlex.com/#/sources/34991  |z Acceso restringido 
942 |c BOOK 
999 0 |a Community Law